| 000 | 00394nam a2200169Ia 4500 | ||
|---|---|---|---|
| 003 | 0STCL | ||
| 008 | 150530s9999 xx 000 0 und d | ||
| 040 |
_aSTCL _cSTCL |
||
| 100 | _aAlfred Stonier, W.; Douglas Hague, C. | ||
| 245 | _aText book of economic theory | ||
| 250 | _aFourth | ||
| 260 | _c1972 | ||
| 546 | _aEnglish | ||
| 942 |
_2ddc _cBK |
||
| 999 |
_c11185 _d11185 |
||
| 005 | 20220125165602.0 | ||